=LDR 00000nam 2200000 4500 =001 INLIS000000000006974 =005 20130612095040 =008 ***********************************Ind** =035 ##$$0010-061300000006974 =041 ##$$a Ind =082 ##$$a 306 =090 ##$$a 306, Nur c =100 ##$$a NUR, Deliar =245 ##$$a Culture Philosophy and the future, Deliar Noer. -- =260 ##$$a 1988 $b Jakarta =300 ##$$a x, 206 hlm, 21 cm =650 ##$$a Kebudayaan